000 01493nam a2200445 i 4500
001 36874
003 KOSZ 005
005 20201120132600.0
008 001010s1999 pl f f |000 0 pol d
020 _a8371470924
040 _cKOSZ 005
_aKOSZ 005
_dKOSZ 005/HR
046 _k1999
080 _a004.056
080 _a004.7
080 _a(075.8)
100 1 _aKutyłowski, Mirosław
_eAutor
245 1 0 _aKryptografia :
_bteoria i praktyka zabezpieczania systemów komputerowych /
_cMirosław Kutyłowski, Willy-B. Strothmann.
250 _aWyd. 2 rozsz.
260 _aWarszawa :
_b"Read Me",
_c1999.
300 _aXVI, 268 s. ;
_c24 cm.
336 _2rdacontet
_aTekst
_btxt
337 _2rdamedia
_aBez urządzenia pośredniczącego
_bn
338 _2rdacarrier
_aWolumin
_bnc
380 _aKsiążki
380 _aPublikacje fachowe
380 _aPublikacje dydaktyczne
385 _mPoziom nauczania
_aSzkoły wyższe
388 _a1901-2000
388 _a1989-2000
504 _aBibliogr. s. 267-268. - Indeks.
650 4 _aSzyfry
650 4 _aSieć komputerowa
650 4 _aSystemy informatyczne
650 4 _aBezpieczeństwo teleinformatyczne
655 4 _aPodręczniki akademickie
658 _aInformatyka i technologie informacyjne
700 1 _aStrothman, Willy-B.
_eAutor
856 _uhttp://koha.tu.koszalin.pl/cgi-bin/koha/opac-detail.pl?biblionumber=36874
_yKatalog online BPK
942 _cKS
_2UKD
999 _c36874
_d36874